000 00754nam a2200253Ia 4500
003 OSt
005 20220928102221.0
006 a|||||r|||| 00| 0
007 ta
008 220927b |||||||| |||| 00| 0 eng d
020 _cIndian Rupees 1650
024 _a145594
037 _bGift, 20/10/2021,
_cTextual
040 _aSDCL
_cSDCL
_beng
041 _2eng
_aeng
082 _aV44Q71'L71, R1
100 _aBaruah U.L.
_9397193
245 0 _aBangladesh war commentary
_b 1971 radio dispatches
260 _aDelhi
_bMacmillan Publishers India Private Limited India
_c2021
300 _a148p.
_ccm.
650 _aGift
_9391569
942 _hV44Q71'L71, R1
_cTEXL
_2CC
999 _c712983
_d712983